LDR 00806naa#a2200205#i#450# 001 EN\\bibl\126821 005 20260701215003.3 011 ## _a1815-588X 100 ## _a20260630b2026####ek#y0engy0150####ca 102 ## _aRU 200 1# _aModeling the Impact of a Freight Wagon Wheel with Two Non-Rejection Flat Spots on the Railway Track _eJournal article 210 1# _aSaint-Petersburg _cFSBEI HE "Emperor Alexander I St. Petersburg State Transport University" _d2026 215 ## _a9 с. 608 ## _aJournal article _2local 675 ## _aВерхнее строение пути в целом. 625.14 _aобычной конструкции. 629.4.027.51 _z 700 #1 _aAdadurov _gAleksandr Sergeevich 700 #1 _aPodgrebennyy _gIl'ya Maksimovich 700 #1 _a _g 700 #1 _aComaev _gPavel Illarionovich 856 4# _aatjournal.ru _u